000 00418cam a2200157ua 4500
003 OSt
008 250823b |||||||| |||| 00| 0 eng d
041 _aeng
082 _a628
_bGHA/TE
100 _aGharpur, Vinayak N .
_97781
245 _aText book of sanitary engineering : theory design and practice /
250 _a2 /
260 _aMumbai :
_bEngineering Book Co. ,
_c1965.
300 _a427 ; .
942 _cBK
999 _c9485
_d9485